| 000 | 00427nam a2200145 i 4500 | ||
|---|---|---|---|
| 001 | 50596 | ||
| 003 | ES-MaACL | ||
| 007 | t| | ||
| 008 | 030805m18831884sp ||||1| spa d | ||
| 100 | 1 |
_aChacón, J.I. _937758 |
|
| 245 | 1 | 0 |
_aGuerras irregulares / _cpor J. I. Chacón. |
| 260 |
_aMadrid : _b[s.n.], _c1883-1884 ( _fImp. y Litrografía del Del Depósito de la Guerra) |
||
| 300 |
_a2 v. ; _c24 cm. |
||
| 852 |
_aES-MaACL _jG-6632-3 |
||
| 999 |
_c50596 _d50596 |
||